000 02211nam0a2200361 i 4500
001 RU\NLR\bibl\2080495
005 20260407123905.0
021 _aRU
_b2013-70424
_94822
035 _a(nilc)RuMoRGB-006640757
035 _a(NLR Aleph) 002072472
090 _a4770013
_c4770013
100 _a20130909d2012 u y0rusy50 ca
101 0 _arus
102 _aRU
105 _ay zzzz|||||
200 1 _aЛикворошунтирующие операции при лечении окклюзионной гидроцефалии
_eпособие для врачей
_fМ-во здравоохранения и социального развития Российской Федерации, Федеральное гос. бюджетное учреждение "Новосибирский научно-исслед. ин-т травмотологии и ортопедии" М-ва здравоохранения и социального развития Российской Федерации
_g[Ступак В. В., проф., д.м.н., Шабанов С. В., врач-нейрохирург]
_gнауч. ред.: д.м.н., проф. Садовой Михаил Анатольевич]
210 _aНовосибирск
_cННИИТО
_d2012
215 _a16 с.
_d21
320 _aБиблиогр.: с. 14 (6 назв.)
606 1 _aГидроцефалия окклюзионная
_jРуководства, пособия и т.п.
_xХирургическое лечение
_92161823
_3RU\NLR\auth\661605586
610 0 _aокклюзионная гидроцефалия
686 _aР636.770.42-59я77
702 1 _aСтупак
_bВ. В.
_gВячеслав Владимирович
_4220
702 1 _aСадовой
_bМ. А.
_gМихаил Анатольевич
_4340
712 0 2 _4570
_aНовосибирский НИИ травматологии и ортопедии им. Я. Л. Цивьяна
_3RU\NLR\AUTH\889964359
_9424958
801 0 _aRU
_bRuMoRKP
_c20130909
_gRCR
801 2 _aRU
_bРГБ
_c20130913
_grcr
801 1 _aRU
_bRuMoRKP
_c20130909
_2rusmarc
801 2 _aRU
_bNLR
_c20131009
_grcr
942 _cBOOK
980 _aNBR